Home Print Resources E-Books E-Journals IIMT Lecture Series Library Membership Form Book Recommendation Form Campus Tour Take AdmissionAbout Us Contact Us

Production & Operations Management (Record no. 22688)

000 -LEADER
fixed length control field 00391nam a2200169Ia 4500
003 - CONTROL NUMBER IDENTIFIER
control field OSt
005 - DATE AND TIME OF LATEST TRANSACTION
control field 20240624123737.0
008 - FIXED-LENGTH DATA ELEMENTS--GENERAL INFORMATION
fixed length control field 170619s9999 xx 000 0 und d
020 ## - INTERNATIONAL STANDARD BOOK NUMBER
International Standard Book Number 9780070091535
040 ## - CATALOGING SOURCE
Transcribing agency IIMT ENGINEERING COLLEGE
100 ## - MAIN ENTRY--PERSONAL NAME
Personal name Chary- S.N
245 #0 - TITLE STATEMENT
Title Production & Operations Management
260 ## - PUBLICATION, DISTRIBUTION, ETC.
Name of publisher, distributor, etc. TMH
260 ## - PUBLICATION, DISTRIBUTION, ETC.
Date of publication, distribution, etc. 2010
546 ## - LANGUAGE NOTE
Language note ENGLISH
942 ## - ADDED ENTRY ELEMENTS (KOHA)
Source of classification or shelving scheme
Koha item type Book Bank
Holdings
Withdrawn status Lost status Source of classification or shelving scheme Damaged status Not for loan Home library Current library Source of acquisition Cost, normal purchase price Total Checkouts Barcode Date last seen Price effective from Koha item type Date acquired Date last checked out
          IIMT Engineering College-MBA IIMT Engineering College-MBA 3 465.00   13-B-6123 06/23/2017 06/23/2017 Text-Book- for 7 days    
          IIMT Engineering College-MBA IIMT Engineering College-MBA 3 465.00 2 13-B-6124 09/02/2024 06/23/2017 Book Bank 07/02/2024 07/02/2024
          IIMT Engineering College-MBA IIMT Engineering College-MBA 3 465.00   13-B-6125 06/23/2017 06/23/2017 Text-Book- for 7 days    
          IIMT Engineering College-MBA IIMT Engineering College-MBA 3 465.00 2 13-B-6126 07/29/2024 06/23/2017 Book Bank 04/22/2024 04/22/2024
          IIMT Engineering College-MBA IIMT Engineering College-MBA 3 465.00   13-B-6127 06/23/2017 06/23/2017 Text-Book- for 7 days    
IIMT, Central Library. All Rights Reserved IIMT,UNIVERSITY © 2023
Implemented and Customised by I CLOUDE EMS
You Are OPAC Visitor No
free web counter

Powered by Koha